000 00875nmm a2200337 a 4500
003 AR-BaBNM
005 20251128211234.0
008 253020s1993 ||||||||||||||000 | spa||
020 _a950-9003-06-9
040 _cAR-BaBNM
100 1 _aJanin, Miguel
245 1 0 _aPáginas con animales
_bantología
250 _a8ª ed.
260 _aBuenos Aires
_bAique
_c1993
300 _a103 p.
_bil.
500 _aContiene información sobre los autores
650 4 _aLITERATURA INFANTIL
650 4 _aLIBROS PARA NINOS
650 4 _aCUENTOS
650 4 _aPOESIA
650 4 _aFABULAS
650 4 _aACTIVIDADES DE APRENDIZAJE
650 4 _aLITERATURA FOLKLORICA
650 4 _aANTOLOGIAS
653 _aEDUCACION PRIMARIA
653 _aENSENANZA DE LA LITERATURA
655 _aLITERATURA
700 1 _aRabinowicz, Isidoro
942 _cBK
998 _craquel
999 _c18854
_d18854